Diego Maradona Quiz - Statistics

General Stats
  • This quiz has been taken 132 times
  • The average score is 8 of 11
Answer Stats
Question Answer % Correct
What country did he play for? Argentina
98%
What was Maradona's full name? Diego Armando Maradona
94%
How many World Cups has Maradona won? 1
92%
How many clubs has Maradona played for? 6
91%
Name me one club that Maradona has played for. Argentinos Juniors|Boca Juniors|Barcelona|Napoli|Sevilla|Newell's Old Boys
88%
What year did he do that? 1986
84%
How old was Maradona when he died? 60
84%
Against which team did Maradona score the Goal of the Century and the Hand of God? England
84%
How did Maradona die? Heart Attack
60%
When did he die? (Date, month, then year) 25 November 2020
47%
Where did he die? (The city) Tigre
14%
No matching quizzes found
Score Distribution
Percent of People with Each Score
Percentile by Number Answered
Your Score History
You have not taken this quiz